| 000 | 00470nam a2200157Ia 4500 | ||
|---|---|---|---|
| 008 | 240729s9999 xx 000 0 und d | ||
| 022 | _a2738-8115 | ||
| 245 | 0 | _aJournal of the Bulgarian Geographical Society | |
| 260 | _aBulgaria | ||
| 260 | _bBulgarian Geographical Society | ||
| 650 | _a Geography (General) | ||
| 650 | _aGeography. Anthropology. Recreation | ||
| 856 | _uhttps://doaj.org/toc/694620a8ba9c4e34be0d2e8f5ca78066 | ||
| 942 | _2ddc | ||
| 942 | _cDOAJEJ | ||
| 999 |
_c67289 _d67289 |
||
| 945 |
_a1 _bMadushi Gamage _c1 _dMadushi Gamage |
||